Представление документа в формате MARC21

Поле Инд. ПП Название Значение
Тип записи a
Библиографический уровень b
001 Контрольный номер UNIDUBNA6cd4cb33dc384d22852546ae52f94f81
005 Дата корректировки 20240205161349.1
008 Кодируемые данные 20170331
040 b Код языка каталог. rus
e Правила каталог. PSBO
041 0_ a Код языка текста rus
084 a Индекс другой классификации/Индекс ББК 74.005.443; 88.93
100 1_ a Автор Вольхина С. Н.
245 10 a Заглавие Музыкальное воспитание и развитие детей с ограниченными возможностями здоровья в условиях социально-реабилитационного центра для несовершеннолетних
520 0_ a Аннотация Музыкальные занятия способствуют эмоциональному развитию, развитию всех органов чувств ребенка с ограниченными возможностями здоровья, а также его социальной адаптации.
650 14 a Основная рубрика воспитание
a Основная рубрика практическая психология (прикладная психология)
a Основная рубрика психокоррекция
a Основная рубрика психология
653 0_ a Ключевые слова восприятие
a Ключевые слова дошкольники
a Ключевые слова когнитивная психотерапия
a Ключевые слова когнитивно-поведенческая терапия
a Ключевые слова комплексное сопровождение
a Ключевые слова коррекционно-развивающие занятия
a Ключевые слова коррекционно-реабилитационные технологии
a Ключевые слова музыкальное воспитание
a Ключевые слова музыкально-ритмические движения
a Ключевые слова музыкальные занятия
a Ключевые слова ограниченные возможности здоровья
a Ключевые слова пение
a Ключевые слова познавательные процессы
a Ключевые слова психокоррекционные методики
a Ключевые слова психологическое сопровождение
a Ключевые слова психотерапевтические методы
a Ключевые слова развлечения
a Ключевые слова реабилитационные центры
a Ключевые слова социальная адаптация
a Ключевые слова социально-психологическое сопровождение
a Ключевые слова танец
a Ключевые слова эмоциональное развитие
773 08 t Заглавие источника Работник социальной службы
d Дата издания источника 2022
g Прочая информация № 11. - С. 80 - 91
w Контрольный № источника UNIDUBNA8bd8192dbad048689c2ba491c1c5a80b
901 t Тип документа b